Диагностическое и структурное травление плавиковой кислотой; Геология и геофизика; № 1

Библиографические подробности
Источник:Геология и геофизика: научный журнал/ Российская академия наук (РАН), Сибирское отделение (СО).— , 1960-.— 0016-7886
№ 1.— 1958.— С. 103-105
Главный автор: Сергеев В. Н.
Язык:русский
Опубликовано: 1958
Предметы:
Формат: MixedMaterials Статья
Запись в KOHA:https://koha.lib.tpu.ru/cgi-bin/koha/opac-detail.pl?biblionumber=410347

MARC

LEADER 00000naa2a2200000 4500
001 410347
005 20241223144453.0
035 |a (RuTPU)RU\TPU\prd\64262 
035 |a RU\TPU\tpu\2722 
090 |a 410347 
100 |a 20090319d1958 u y0rusy50 ca 
101 0 |a rus 
102 |a RU 
200 1 |a Диагностическое и структурное травление плавиковой кислотой  |f В. Н. Сергеев 
320 |a Библиогр.: 5 назв. 
461 1 |0 (RuTPU)RU\TPU\prd\1420  |x 0016-7886  |t Геология и геофизика  |o научный журнал  |f Российская академия наук (РАН), Сибирское отделение (СО)  |d 1960- 
463 1 |0 (RuTPU)RU\TPU\prd\63256  |t № 1  |v С. 103-105  |d 1958 
610 1 |a геолого-географические науки 
610 1 |a труды учёных ТПУ 
700 1 |a Сергеев  |b В. Н. 
801 0 |a RU  |b 63413507  |c 20011210  |g PSBO 
801 2 |a RU  |b 63413507  |c 20090319  |g PSBO 
942 |c BK